[Event "Avoine op 28th"]
[Site "Avoine"]
[Date "2013.07.25"]
[Round "6"]
[White "Lenaerts, Lennert"]
[Black "Letonnelier, Jean Pierre"]
[Result "1-0"]
[WhiteElo "2120"]
[BlackElo "1881"]
[PlyCount "80"]
[EventDate "2013.07.20"]
[EventType "swiss"]
[EventRounds "9"]
[EventCountry "FRA"]
[SourceTitle "CBM 155 Extra"]
[Source "ChessBase"]
[SourceDate "2013.08.26"]
[SourceVersion "1"]
[SourceVersionDate "2013.08.26"]
[SourceQuality "1"]

1. d4 Nf6 2. c4 e6 3. Nc3 c5 4. d5 exd5 5. cxd5 d6 6. e4 g6 7. h3 Bg7 8. Nf3 0-0 9. Bd3 a6 10. a4 Re8 11. 0-0 Nbd7 12. Re1 Ne5 13. Nxe5 Rxe5 14. Be3 h5 15. f4 Re8 16. Bf2 Nh7 17. Rb1 h4 18. Qd2 g5 19. e5 g4 20. Bxh7+ Kxh7 21. exd6 Bf5 22. Rxe8 Qxe8 23. Re1 Qg8 24. hxg4 Bxg4 25. Qd3+ Kh8 26. Bxh4 Bd4+ 27. Bf2 Qg7 28. Re7 Rg8 29. Qg3 Bxf2+ 30. Qxf2 Qh6 31. Ne4 Bh3 32. Ng5 Rxg5 33. fxg5 Qxg5 34. Re8+ Kg7 35. Re3 Bg4 36. Rg3 f5 37. d7 Qe7 38. Qxf5 Qe1+ 39. Kh2 Qxg3+ 40. Kxg3 Bxf5 1-0

[Event "Avoine op 27th"]
[Site "Avoine"]
[Date "2012.07.23"]
[Round "3"]
[White "Devallee, Jeremie"]
[Black "Letonnelier, Jean Pierre"]
[Result "1/2-1/2"]
[WhiteElo "2106"]
[BlackElo "1915"]
[PlyCount "44"]
[EventDate "2012.07.21"]
[EventType "swiss"]
[EventRounds "9"]
[EventCountry "FRA"]
[SourceTitle "CBM 149 Extra"]
[Source "ChessBase"]
[SourceDate "2012.08.24"]
[SourceVersion "1"]
[SourceVersionDate "2012.08.24"]
[SourceQuality "1"]

1. d4 Nf6 2. Nf3 e6 3. Bf4 c5 4. e3 b6 5. h3 Bb7 6. Nbd2 Be7 7. Bd3 0-0 8. c3 cxd4 9. exd4 d6 10. 0-0 Nbd7 11. Re1 Re8 12. Nc4 Nf8 13. a4 Ng6 14. Bh2 Rc8 15. Ne3 Nd5 16. a5 Ndf4 17. Bb5 Rf8 18. a6 Ba8 19. Nc2 Nxg2 20. Rf1 N2f4 21. Bxf4 Nxf4 22. Kh2 Be4 1/2-1/2

[Event "Avoine op 23rd"]
[Site "Avoine"]
[Date "2008.07.20"]
[Round "2"]
[White "Carvallo, Henri"]
[Black "Letonnelier, Jean Pierre"]
[Result "1-0"]
[WhiteElo "2134"]
[BlackElo "1938"]
[PlyCount "55"]
[EventDate "2008.07.19"]
[EventType "swiss"]
[EventRounds "9"]
[EventCountry "FRA"]
[SourceTitle "CBM 125 Extra"]
[Source "ChessBase"]
[SourceDate "2008.09.01"]
[SourceVersion "1"]
[SourceVersionDate "2008.09.01"]
[SourceQuality "1"]

1. d4 Nf6 2. Nf3 e6 3. Bf4 c5 4. e3 Qb6 5. Nc3 cxd4 6. exd4 Bb4 7. Bd3 0-0 8. 0-0 Bxc3 9. bxc3 d6 10. Rb1 Qc7 11. c4 b6 12. c5 Rd8 13. Bxd6 Rxd6 14. cxd6 Qxd6 15. Ne5 Bb7 16. Re1 Nbd7 17. Nxd7 Qxd7 18. Bf1 Nd5 19. Qd2 Rc8 20. c4 Nf6 21. a4 Rc5 22. Qf4 Rf5 23. Qb8+ Ne8 24. d5 Bc8 25. dxe6 fxe6 26. Rbd1 Qc6 27. Rd8 Bd7 28. Rd1 1-0

[Event "Avoine op 21th"]
[Site "Avoine"]
[Date "2006.07.25"]
[Round "4"]
[White "Letonnelier, Jean Pierre"]
[Black "Maleki, Nicolas"]
[Result "0-1"]
[WhiteElo "1970"]
[BlackElo "2107"]
[PlyCount "69"]
[EventDate "2006.07.22"]
[EventType "swiss"]
[EventRounds "9"]
[EventCountry "FRA"]
[SourceTitle "EXT 2007"]
[Source "ChessBase"]
[SourceDate "2006.11.23"]
[SourceVersion "1"]
[SourceVersionDate "2006.11.23"]
[SourceQuality "1"]

1. e4 e5 2. Nf3 Nc6 3. Bb5 a6 4. Ba4 Nf6 5. 0-0 Be7 6. Re1 b5 7. Bb3 d6 8. c3 0-0 9. h3 Nb8 10. d4 Nbd7 11. Nbd2 Bb7 12. Bc2 Re8 13. Nf1 Bf8 14. Ng3 g6 15. Nh2 Bg7 16. d5 Nb6 17. Ng4 Nxg4 18. Qxg4 c6 19. dxc6 Bxc6 20. Bg5 f6 21. Bb3+ Nc4 22. Be3 Kh8 23. Bxc4 bxc4 24. Rad1 Qe7 25. Bc1 Bd7 26. Qe2 Be6 27. Qc2 Red8 28. h4 h5 29. Nf1 f5 30. Bg5 Bf6 31. Bxf6+ Qxf6 32. Ne3 f4 33. Nd5 Qxh4 34. f3 Bxd5 35. Rxd5 0-1

[Event "Avoine op 21th"]
[Site "Avoine"]
[Date "2006.07.23"]
[Round "2"]
[White "Letonnelier, Jean Pierre"]
[Black "Grandadam, Nicolas"]
[Result "1-0"]
[WhiteElo "1970"]
[BlackElo "1860"]
[PlyCount "57"]
[EventDate "2006.07.22"]
[EventType "swiss"]
[EventRounds "9"]
[EventCountry "FRA"]
[SourceTitle "EXT 2007"]
[Source "ChessBase"]
[SourceDate "2006.11.23"]
[SourceVersion "1"]
[SourceVersionDate "2006.11.23"]
[SourceQuality "1"]

1. e4 e6 2. d4 d5 3. Nd2 dxe4 4. Nxe4 Nd7 5. Nf3 Ngf6 6. Ng3 c5 7. Bc4 cxd4 8. Nxd4 Be7 9. 0-0 0-0 10. c3 Qc7 11. Qe2 a6 12. Bb3 b6 13. Nxe6 fxe6 14. Qxe6+ Kh8 15. Qxe7 Re8 16. Qf7 Qc5 17. Qc4 Qxc4 18. Bxc4 Ne5 19. Bb3 Bb7 20. Be3 b5 21. Rad1 Rac8 22. Nf5 Rc7 23. Bf4 Nfd7 24. Nd6 Rf8 25. Nf7+ Nxf7 26. Bxc7 Bc6 27. Rfe1 h6 28. f4 h5 29. Re6 1-0

[Event "FRA-chT3 0405"]
[Site "France"]
[Date "2004.12.05"]
[Round "4"]
[White "Hochart, Jean Luc"]
[Black "Letonnelier, Jean Pierre"]
[Result "1-0"]
[WhiteElo "2026"]
[BlackElo "1990"]
[PlyCount "107"]
[EventDate "2004.10.10"]
[EventType "team"]
[EventRounds "9"]
[EventCountry "FRA"]
[SourceTitle "EXT 2007"]
[Source "ChessBase"]
[SourceDate "2006.11.23"]
[SourceVersion "1"]
[SourceVersionDate "2006.11.23"]
[SourceQuality "1"]

1. e4 e6 2. d4 d5 3. Nc3 Nf6 4. e5 Nfd7 5. f4 c5 6. Nf3 Qb6 7. Na4 Qc6 8. Nc3 Qb6 9. Na4 Qc6 10. Nc3 Qb6 11. Ne2 Nc6 12. c3 f6 13. b3 cxd4 14. cxd4 Bb4+ 15. Bd2 0-0 16. Bxb4 Qxb4+ 17. Qd2 fxe5 18. fxe5 b6 19. Rc1 Qxd2+ 20. Kxd2 Bb7 21. Ke3 Rac8 22. Nc3 a6 23. Bd3 h6 24. Rhf1 Ne7 25. g4 Rf7 26. Ne2 Rcf8 27. Rc7 Bc8 28. Ng3 g6 29. g5 h5 30. Nh4 Rxf1 31. Nxf1 Kg7 32. Ng3 Rf7 33. Ne2 Nf8 34. Nf4 b5 35. a3 Bd7 36. b4 Bc8 37. Ra7 Kh7 38. Kf3 Kg7 39. Ke3 Kh7 40. Kf3 Kg7 41. Kg3 Nc6 42. Rxf7+ Kxf7 43. Nhxg6 Nxg6 44. Bxg6+ Kg7 45. Bxh5 Nxd4 46. Bg4 Kf7 47. h4 Nc6 48. Nd3 Kg6 49. Kf4 Nd4 50. h5+ Kh7 51. Nc5 Kg7 52. Ke3 Nc2+ 53. Kd3 Nxa3 54. Bxe6 1-0

[Event "FRA-chT3 Gr5 0203"]
[Site "France"]
[Date "2002.10.13"]
[Round "1"]
[White "Letonnelier, Jean Pierre"]
[Black "Hamon, Christian"]
[Result "0-1"]
[WhiteElo "1860"]
[BlackElo "2037"]
[PlyCount "40"]
[EventDate "2002.12.09"]
[EventType "team"]
[EventRounds "9"]
[EventCountry "FRA"]
[SourceTitle "EXT 2004"]
[Source "ChessBase"]
[SourceDate "2003.11.25"]
[SourceVersion "1"]
[SourceVersionDate "2003.11.25"]
[SourceQuality "1"]

1. e4 Nf6 2. Nc3 d5 3. exd5 Nxd5 4. Bc4 c6 5. Qf3 e6 6. Nge2 Nd7 7. d4 N7f6 8. 0-0 Be7 9. Ng3 Nb6 10. Bd3 Qxd4 11. h3 Nbd5 12. Nce4 Nxe4 13. Nxe4 Nf6 14. c3 Qd7 15. Ng3 Qc7 16. Re1 Bd7 17. Bf4 Qb6 18. Qe2 Nd5 19. Bc1 0-0 20. c4 Nf6 0-1